Floriculture : 2008.
| Format: | Book |
|---|---|
| Published: |
Ottawa:
Trade Facilitation Office Canada,
2008.
|
| Edition: | 8th ed.. |
| Subjects: |
| LEADER | 00543cam a2200169 7i4500 | ||
|---|---|---|---|
| 001 | 0000023487 | ||
| 005 | 20090827090000.0 | ||
| 090 | 0 | 0 | |a P 635.9 |b FLO |
| 245 | 0 | 0 | |a Floriculture : |b 2008. |
| 250 | 0 | 0 | |a 8th ed.. |
| 260 | 0 | 0 | |a Ottawa: |b Trade Facilitation Office Canada, |c 2008. |
| 300 | # | # | |a 28 p. |
| 650 | 0 | 0 | |a Floriculture -- |x Markets -- |z Canada |
| 650 | 0 | 0 | |a Floriculture industry and trade -- |z Canada |
| 650 | 0 | 0 | |a Floriculture -- |x Rules and regulations -- |z Canada |
| 651 | 0 | 0 | |a Canada |
| 999 | |a 0000023055 |b Book |c Products |e Business Information Centre | ||